| 000 | 02239nam0a2200361 4500 | ||
|---|---|---|---|
| 001 | RU\NLR\BIBL_A\016337164 | ||
| 005 | 20250625045251.0 | ||
| 010 |
_a978-5-00204-879-3 _91000 |
||
| 021 |
_aRU _b2023-14231 _9КН-П-1407 |
||
| 035 | _a(RuMoRGB)011636107 | ||
| 035 | _a(NLR Aleph) 016337164 | ||
| 090 |
_a13079847 _c13079847 |
||
| 100 | _a20230407d2023 |||y0rusy50 ca | ||
| 101 | 0 | _arus | |
| 102 | _aRU | ||
| 105 | _ay|||z||||||z| | ||
| 181 | 1 |
_ai _baxxe |
|
| 182 | 1 | _an | |
| 200 | 1 |
_aПрактическое руководство по тканевой биохимической терапии солями Шюсслера _fТрушкина И. В. |
|
| 203 |
_aТекст _bвизуальный _cнепосредственный |
||
| 210 |
_aМосква _cПеро _d2023 |
||
| 215 |
_a68, [1] с. _d21 |
||
| 300 | _aНа обороте тит. с. авт.: д-р мед. наук, врач аллерголог-иммунолог, натуропатТрушкина И. В. | ||
| 300 | _aЧасть информ. в кн. размещена в электрон. версии, доступ к которой в ссылке QR-кода | ||
| 330 | _aАвтор-доктор медицинских наук, врач аллерголог-иммунолог, натуропат, руководитель NaturaPharma Трушкина Ирина Владимировна. Руководство предназначено для широкого круга читателей, врачей, студентов медицинских и фармацевтических вузов, натуропатов, нутрициологов, специалистов по здоровому образу жизни и всех, кто интересуется вопросами здоровья и долголетия | ||
| 606 | 1 |
_aГомеопатия _jРуководства, пособия и т.п _9928873 _3RU\NLR\AUTH\6623097 |
|
| 675 |
_a615.015.32 _v4 |
||
| 686 | 1 | _aР359.18я7 | |
| 700 | 1 |
_aТрушкина _bИ. В. _gИрина Владимировна |
|
| 942 | _cBOOK | ||
| 980 | _aNB | ||